Normal view
MARC view
- Majul, Cesar Adib.
Entry Personal Name
001 - CONTROL NUMBER
- control field: 57330
003 - CONTROL NUMBER IDENTIFIER
- control field: OSt
005 - DATE AND TIME OF LATEST TRANSACTION
- control field: 20240529142121.0
008 - FIXED-LENGTH DATA ELEMENTS
- fixed length control field: 240529|| aca||aabn | a|a d
040 ## - CATALOGING SOURCE
- Original cataloging agency: OSt
- Transcribing agency: OSt
100 ## - HEADING--PERSONAL NAME
- Personal name: Majul, Cesar Adib.
670 ## - SOURCE DATA FOUND
- Source citation: Work cat.: (OSt): Majul, Cesar Adib., Muslims in the philippines /, ©1999.
